00000000cam 2200000zi 4500
0019.954399
003CaOODSP
00520251231082212
006m     o  d f      
007cr mn|||||||||
008250822t20252025onca    o    f000 0 spa d
020 |a9780660761855
040 |aCaOODSP|bfre|erda|cCaOODSP
043 |an-cn---
0861 |aH14-619/2025Spa-PDF
24500|aFicha de datos sobre sarampión.
250 |a[Édition espagnol].
264 1|a[Ottawa] : |b[Santé Canada = Health Canada], |c[2025]
264 4|c©2025
300 |a1 ressource en ligne (2 pages non numérotées) : |billustrations
336 |atexte|btxt|2rdacontent/fre
337 |ainformatique|bc|2rdamedia/fre
338 |aressource en ligne|bcr|2rdacarrier/fre
500 |aTitre de départ.
500 |aPublié aussi en français sous le titre : Feuillet de renseignements sur la rougeole.
500 |aLe fichier de publication en format PDF a été remplacé le 31-12-2025 à la requête de Santé Canada.
546 |aTexte en espagnol.
650 6|aRougeole|zCanada.
650 6|aRougeole|xFacteurs de risque|zCanada.
7101 |aCanada. |bSanté Canada, |eorganisme de publication.
77508|tFeuillet de renseignements sur la rougeole.|w(CaOODSP)9.938317
788 |tFicha de datos sobre sarampión.|eeng|w(CaOODSP)9.948748
85640|qPDF|s219 Ko|uhttps://publications.gc.ca/collections/collection_2025/sc-hc/H14-619-2025-spa.pdf
986 |a240929